| 000 | 00615nam a22001817a 4500 | ||
|---|---|---|---|
| 999 |
_c186270 _d186270 |
||
| 005 | 20220221113043.0 | ||
| 010 | _aENG-131703 | ||
| 020 |
_a9789389253436 _c399.00 |
||
| 035 | _aEN-115235 | ||
| 037 | _bDBAD | ||
| 082 | _aS | ||
| 100 | _aD'Silva, Sarbajeet Mohanty Neil | ||
| 245 |
_aThe Spirits Talk to Me: _bTrue Accounts of Paranormal Investigations/ _cSarbajeet Mohanty Neil D' Silva |
||
| 260 |
_aGurugram _bHachette Book Publishing India Pvt. Ltd _c2020 |
||
| 270 |
_a4Th & 5th Floors, Corporate Centre, Plot No. 94, Sector 44 _bGurugram _e122003 |
||
| 300 |
_a238p. _c20cm(pbk) |
||
| 942 |
_2ddc _cEN _hS _mSIL |
||